Chémia a technológia mlieka 1

Guardado en:
Detalles Bibliográficos
Autor principal: Palo, Vladimír
Formato: Libro
Lenguaje:eslovaco
Publicado: Bratislava Slovenská vysoká škola technická 1989
Edición:1. vyd.
Acceso en línea:Ver en el OPAC
Etiquetas: Agregar Etiqueta
Sin Etiquetas, Sea el primero en etiquetar este registro!

MARC

LEADER 00000nam a2200000 a 4500
005 20260127134359.0
008 180815s1989 xo 0 slo
015 |a SNBA1989/08 
020 |a 8022700622  |c 12 Kčs. (120 výtl.) 
035 |a vtls001081833 
035 |a SNK000024671 
035 |a urn:nbn:sk:snk-amliv5 
035 |a urn:nbn:sk:snk-am00bqnb 
035 |a 68FF55AB-29EA-4745-849F-A32911D95450 
039 9 |a 201808150938  |b VLOAD  |c 201704201548  |d VLOAD  |c 201606061445  |d VLOAD  |c 201603081437  |d VLOAD  |y 200412240602  |z VLOAD 
040 |a SNK  |b slo  |c SNK  |d STUSCHK1  |e AACR2 
041 0 |a slo 
044 |a xo  |c SK 
080 |a 637.13/.14(075.8)  |2 1981 
100 1 |a Palo, Vladimír 
245 1 |a Chémia a technológia mlieka 1  |c Vladimír Palo 
250 |a 1. vyd. 
260 |a Bratislava  |b Slovenská vysoká škola technická  |c 1989  |e Bratislava  |f Edičné stredisko SVŠT 
300 |a 213 s., 15,622 AH  |b Tb. Sch.  |c 29 cm 
500 |a Lit. 31. Schválil rektor SVŠT v Bratislave ako skriptá. Rozmn. 31 zázn. v slov., češ., ruš., angl., nem. a franc. 
919 |a 80-227-0062-2 
954 |a mlieko  |x chémia  |x technológia  |x učebnice VŠ 
958 |a OND 
958 |a NB 
958 |a RM 
958 |a UV 
999 |c 11323  |d 11323 
942 0 0 |0 9